Toefl CBT practice tests /

Shranjeno v:
Bibliografske podrobnosti
Glavni avtor: Rogers, Bruce.
Korporativna značnica: Ban biên dịch First News.
Drugi avtorji: Nguyễn Văn Phước, M.S. (chú giải.)
Format: Knjiga
Jezik:English
Izdano: Tp.HCM : Nxb Trẻ, 2002.
Izdaja:2001 ed.
Teme:
Oznake: Označite
Brez oznak, prvi označite!
Thư viện lưu trữ: Mạng thư viện Đại học Đà Nẵng
LEADER 01232nam a2200361 a 4500
001 000041498
003 18440
005 20200721104100.0
008 171030s2002
020 |c 22000 
040 |a lnn  |c lnn  |d lnn 
041 0 |a eng 
082 1 4 |a 420  |2 21  |b RO-B 
100 1 |a Rogers, Bruce. 
245 1 0 |a Toefl CBT practice tests /  |c Bruce Rogers ; chú giải: Nguyễn Văn Phước, ban biên dịch First News. 
250 |a 2001 ed. 
260 |a Tp.HCM :  |b Nxb Trẻ,  |c 2002. 
300 |a 241 p. ;  |c 20,5 cm. 
630 0 4 |a English language. 
630 0 4 |a TOEFL. 
650 0 4 |a English language  |x Study and teaching  |x Textbooks for foreign speakers. 
700 1 |a Nguyễn Văn Phước,  |c M.S.,  |e chú giải. 
710 2 |a Ban biên dịch First News. 
OWN |a LNN 
902 |a TKA 
AVA |a UDN50  |b LNN  |c English  |d 420 RO-B  |e available  |t Error 5001 Not defined in file expand_doc_bib_avail.  |f 2  |g 0  |h N  |i 0  |j AN  |k 1 
999 |a From the UDN01 
AVA |a UDN50  |b LNN  |c English  |d 420 RO-B  |e available  |t Error 5001 Not defined in file expand_doc_bib_avail.  |f 2  |g 0  |h N  |i 0  |j AN  |k 1 
TYP |a Monograph 
TYP |a Printed language 
980 |a Mạng thư viện Đại học Đà Nẵng